[Event "Wch U14"]
[Site "Durban"]
[Date "2014.09.29"]
[Round "11"]
[White "Hernandez Camen, Angel J"]
[Black "Mesaros, Florian"]
[Result "1-0"]
[WhiteElo "2046"]
[BlackElo "2201"]
[PlyCount "77"]
[EventDate "2014.09.20"]
[EventType "swiss"]
[EventRounds "11"]
[EventCountry "RSA"]
[SourceTitle "CBM 162 Extra"]
[Source "ChessBase"]
[SourceDate "2014.10.17"]
[SourceVersion "1"]
[SourceVersionDate "2014.10.17"]
[SourceQuality "1"]

1. d4 Nf6 2. c4 g6 3. g3 Bg7 4. Bg2 d5 5. cxd5 Nxd5 6. Nf3 Nb6 7. Nc3 Nc6 8. e3 0-0 9. 0-0 Re8 10. Nh4 e5 11. d5 Ne7 12. e4 Bd7 13. a4 c6 14. Qb3 Qc7 15. a5 Nbc8 16. Be3 Nd6 17. Rfc1 c5 18. Qa3 c4 19. Bc5 Nec8 20. Bf1 Bf8 21. Nf3 Rb8 22. Nd2 b6 23. axb6 axb6 24. Bb4 b5 25. b3 Nb6 26. bxc4 Ndxc4 27. Nxc4 Nxc4 28. Qb3 Bh6 29. d6 Qb7 30. Nd5 Red8 31. Rd1 Be6 32. Qf3 Bg7 33. Rab1 Bxd5 34. Rxd5 Qc6 35. Rc5 Qa6 36. Rc7 f6 37. Qc3 Kh8 38. Ra1 Qb6 39. Bc5 1-0

[Event "Wch U14"]
[Site "Durban"]
[Date "2014.09.23"]
[Round "6"]
[White "Hernandez Camen, Angel J"]
[Black "Burri, Quentin"]
[Result "1-0"]
[WhiteElo "2046"]
[BlackElo "2312"]
[PlyCount "67"]
[EventDate "2014.09.20"]
[EventType "swiss"]
[EventRounds "11"]
[EventCountry "RSA"]
[SourceTitle "CBM 162 Extra"]
[Source "ChessBase"]
[SourceDate "2014.10.17"]
[SourceVersion "1"]
[SourceVersionDate "2014.10.17"]
[SourceQuality "1"]

1. d4 d5 2. c4 c6 3. Nf3 Nf6 4. e3 Bg4 5. Qb3 Qb6 6. Nc3 e6 7. Nh4 Nbd7 8. h3 Bh5 9. g4 Bg6 10. Nxg6 hxg6 11. Bg2 Be7 12. g5 Nh5 13. h4 Qc7 14. Bd2 a6 15. 0-0-0 b5 16. cxd5 exd5 17. Kb1 Nb6 18. e4 dxe4 19. Bxe4 Rd8 20. d5 b4 21. Be3 c5 22. Na4 0-0 23. Bxg6 Nxa4 24. Bxh5 Qa5 25. Bxf7+ Rxf7 26. g6 Rb8 27. d6 Bf6 28. Qxf7+ Kh8 29. d7 Nc3+ 30. Ka1 Ra8 31. Bg5 b3 32. Qxb3 Nxd1 33. Qxd1 Bxb2+ 34. Kb1 1-0

[Event "Philadelphia op 8th"]
[Site "Philadelphia"]
[Date "2014.04.18"]
[Round "4"]
[White "Bauza Mercere, Eduardo"]
[Black "Hernandez Camen, Angel J"]
[Result "0-1"]
[WhiteElo "1795"]
[BlackElo "2070"]
[PlyCount "76"]
[EventDate "2014.04.16"]
[EventType "swiss"]
[EventRounds "9"]
[EventCountry "USA"]
[SourceTitle "CBM 159 Extra"]
[Source "ChessBase"]
[SourceDate "2014.04.24"]
[SourceVersion "1"]
[SourceVersionDate "2014.04.24"]
[SourceQuality "1"]

1. e4 c6 2. d4 d5 3. Nc3 dxe4 4. Nxe4 Bf5 5. Ng3 Bg6 6. Nf3 Nd7 7. Bd3 e6 8. 0-0 Ngf6 9. b3 Be7 10. Bb2 0-0 11. c4 a5 12. Bxg6 hxg6 13. Bc3 b5 14. Re1 Qb6 15. Rb1 Rfd8 16. Qe2 b4 17. Ba1 a4 18. Ng5 Nf8 19. N3e4 axb3 20. axb3 Ra5 21. c5 Qa7 22. Qf3 Rd5 23. g4 Bd8 24. Bb2 Nxe4 25. Nxe4 g5 26. Ra1 Be7 27. Qe2 Ng6 28. Rxa5 Qxa5 29. Ra1 Qc7 30. Qe3 Nf4 31. Ra4 Rd8 32. f3 e5 33. dxe5 Rd1+ 34. Kf2 Rd3 35. Qc1 Rxb3 36. Ra8+ Bf8 37. Qc4 Rxb2+ 38. Kg1 Qxe5 0-1